HANCKO, Martin funkcionár KSČ, robotník, nositeľ Radu práce (6. 10. 1899 Likavka, okr. Liptovský Mikuláš - 14. 1. 1980 Ružomberok, okr. Liptovský Mikuláš)

Bibliographic Details
Format: Article
Language:Slovak
Subjects:

MARC

LEADER 00000naa a2200000uu 4500
001 vtls010917904
003 SK-MaSNL
005 20260302125817.0
008 220808|1987 xo |||||||||||||||||slo|
015 |a SNBRA 
035 |a (urnnbn)urn:nbn:sk:snk:ar-a0cxh9 
035 |a (uuid)6b2067d1-4187-4e1e-a912-01bf7db30bc2 
035 |a urn:nbn:sk:snk-aatm6s 
040 |a SNKBUCL  |b slo  |c SNKBUCL  |e AACR2 
041 0 |a slo 
044 |a xo  |c SK 
245 0 0 |a HANCKO, Martin  |b funkcionár KSČ, robotník, nositeľ Radu práce (6. 10. 1899 Likavka, okr. Liptovský Mikuláš - 14. 1. 1980 Ružomberok, okr. Liptovský Mikuláš) 
655 7 |a biografické heslá  |2 SNKPH  |9 368942 
773 0 |t Slovenský biografický slovník : (od roku 833 do roku 1990). II. zväzok, E-J  |d Martin : Matica slovenská, 1987  |g S. 279-280 
954 |a odborná, vedecká literatúra pôvodná (slovenská)  |2 lita 
958 |a BX 
958 |a OND 
958 |a chapter 
958 |a article25 
999 |c 1295939  |d 1297869